<?xml version="1.0" encoding="UTF-8"?>
<collection xmlns="http://www.loc.gov/MARC21/slim">
<record>
  <controlfield tag="001">163674</controlfield>
  <controlfield tag="005">20251028143428.0</controlfield>
  <datafield tag="024" ind1="8" ind2=" ">
    <subfield code="2">innovaciondocente</subfield>
    <subfield code="a">5590</subfield>
  </datafield>
  <datafield tag="037" ind1=" " ind2=" ">
    <subfield code="a">INNODOC-2024-5590</subfield>
  </datafield>
  <datafield tag="041" ind1=" " ind2=" ">
    <subfield code="a">spa</subfield>
  </datafield>
  <datafield tag="100" ind1=" " ind2=" ">
    <subfield code="0">(orcid)0000-0001-5944-7278</subfield>
    <subfield code="a">Almaguer Kalixto, Patricia Eugenia</subfield>
    <subfield code="e">coord.</subfield>
  </datafield>
  <datafield tag="245" ind1=" " ind2=" ">
    <subfield code="a">ODS Rural Labs UNITA: diálogo de saberes sobre contextos rurales internacionales</subfield>
  </datafield>
  <datafield tag="260" ind1=" " ind2=" ">
    <subfield code="a">Zaragoza</subfield>
    <subfield code="b">Universidad de Zaragoza</subfield>
    <subfield code="c">2024</subfield>
  </datafield>
  <datafield tag="520" ind1="3" ind2=" ">
    <subfield code="a">El Laboratorio de innovación social para el medio rural (ODS Rural Lab) realiza investigación-acción participativa en 5 territorios distintos de la provincia de Zaragoza y 2 de contexto internacional. Como proyecto de innovación docente, es un proyecto interdisciplinario donde participan diferentes facultades y titulaciones que aprovecha el contexto del proyecto para prácticas T2 en clase y analizar los retos de la implementación de la Agenda 2030 en el medio rural. A través de este proyecto, se busca explorar la potencial vinculación con los objetivos del proyecto UNITA con el fin de poner en valor el trabajo desarrollado en el contexto aragonés y por otro, generar un diálogo de saberes sobre contextos rurales internacionales en los territorios que participan en el proyecto UNITA.</subfield>
  </datafield>
  <datafield tag="700" ind1=" " ind2=" ">
    <subfield code="0">(orcid)0000-0003-0387-9113</subfield>
    <subfield code="a">Gentile , Alessandro</subfield>
  </datafield>
  <datafield tag="700" ind1=" " ind2=" ">
    <subfield code="0">(orcid)0000-0002-9621-1819</subfield>
    <subfield code="a">Mancho de la Iglesia, Ana Cristina</subfield>
  </datafield>
  <datafield tag="700" ind1=" " ind2=" ">
    <subfield code="0">(orcid)0000-0003-1299-6514</subfield>
    <subfield code="a">Hernández Cordero, Ana Lucía</subfield>
  </datafield>
  <datafield tag="700" ind1=" " ind2=" ">
    <subfield code="0">(orcid)0000-0001-6103-0033</subfield>
    <subfield code="a">Pelet Redón, María Carmen</subfield>
  </datafield>
  <datafield tag="700" ind1=" " ind2=" ">
    <subfield code="0">(orcid)0000-0002-4492-1771</subfield>
    <subfield code="a">Sáenz Rodríguez, María Estela</subfield>
  </datafield>
  <datafield tag="700" ind1=" " ind2=" ">
    <subfield code="0">(orcid)0000-0002-4624-2115</subfield>
    <subfield code="a">Escriche Bueno, Pedro José</subfield>
  </datafield>
  <datafield tag="700" ind1=" " ind2=" ">
    <subfield code="0">(orcid)0000-0002-0285-4582</subfield>
    <subfield code="a">Barrao Simorte, Samuel</subfield>
  </datafield>
  <datafield tag="856" ind1="4" ind2=" ">
    <subfield code="s">88875</subfield>
    <subfield code="u">http://zaguan.unizar.es/record/163674/files/memoria_PISOC_2024_5590.pdf</subfield>
    <subfield code="y">Memoria del proyecto</subfield>
  </datafield>
  <datafield tag="970" ind1=" " ind2=" ">
    <subfield code="a">INNODOC-2024-5590</subfield>
  </datafield>
  <datafield tag="980" ind1=" " ind2=" ">
    <subfield code="a">INNODOC</subfield>
    <subfield code="b">PISOC</subfield>
  </datafield>
</record>
</collection>